MLB Teams With Most Subscribers on YouTube - Statistics

General Stats
  • This quiz has been taken 79 times
    8 since last reset
  • The average score is 7 of 10
Answer Stats
Number of Subscribers MLB Team % Correct
151K Boston Red Sox
88%
562K Los Angeles Dodgers
88%
251K New York Yankees
88%
261K Chicago Cubs
75%
104K Philadelphia Phillies
75%
182K San Francisco Giants
75%
110K Toronto Blue Jays
75%
226K New York Mets
63%
171K San Diego Padres
63%
168K Atlanta Braves
50%
No matching quizzes found
Score Distribution
Percent of People with Each Score
Percentile by Number Answered
Your Score History
You have not taken this quiz since the last reset